| 000 | 00358nam a2200145Ia 4500 | ||
|---|---|---|---|
| 999 |
_c2678 _d2678 |
||
| 003 | OSt | ||
| 005 | 20190914164809.0 | ||
| 008 | 190902s9999||||xx |||||||||||||| ||und|| | ||
| 040 | _cmaju | ||
| 100 | _aNazir Ahmed Shaheen | ||
| 245 | 0 | _aCorporate Laws and Secretarial Practices | |
| 260 |
_aKarachi _bPetiwala books _c2001 |
||
| 300 | _a798 | ||
| 942 |
_cBK _2ddc |
||